Odstraňovanie dusíka z odpadových vôd - možnosti využitia nitritácie a denitritácie dizertačná práca

Salvato in:
Dettagli Bibliografici
Autore principale: Imreová, Zuzana
Natura: Libro
Lingua:slovacco
Pubblicazione: Bratislava STU FCHPT 2016
Accesso online:Visualizza in OPAC
Tags: Aggiungi Tag
Nessun Tag, puoi essere il primo ad aggiungerne!!

MARC

LEADER 00000nam a2200000 a 4500
005 20260127134042.0
008 170321 2016 xo 001 0 slo d
035 |a vtls011619131 
039 9 |y 201703211128  |z mschk03 
040 |a STUSCHK1  |b slo  |c STUSCHK1  |e AACR2 
100 1 |a Imreová, Zuzana 
245 1 |a Odstraňovanie dusíka z odpadových vôd - možnosti využitia nitritácie a denitritácie  |b dizertačná práca  |c Zuzana Imreová 
260 |a Bratislava  |b STU FCHPT  |c 2016 
300 |a 119 s.  |b Obr., tab.  |c 25 cm 
500 |a Študijný program: chémia a technológia životného prostredia 
500 |a Študijný odbor: chémia a technológia životného prostredia 
500 |a Školiace pracovisko: Odd. environmentálneho inžinierstva 
500 |a Evid. číslo: FCHPT-100239-25622 
910 |a SCHK95 
999 |c 2972  |d 2972